[Event "24th Klatovy B 2016"]
[Site "Klatovy CZE"]
[Date "2016.07.04"]
[Round "3.28"]
[White "Svec, Vitezslav"]
[Black "Kresl, Filip"]
[Result "1-0"]
[WhiteElo "1687"]
[BlackElo "1365"]
[PlyCount "73"]
[EventDate "2016.07.02"]
[EventType "swiss"]
[EventRounds "9"]
[EventCountry "CZE"]

1. d4 d5 2. Bf4 Nf6 3. e3 c5 4. c3 Qb6 5. Qb3 Nc6 6. Nf3 c4 7. Qxb6 axb6 8. Be2 b5 9. Na3 Rxa3 10. bxa3 Bf5 11. O-O Ne4 12. Rfc1 f6 13. h3 g5 14. Bh2 Kd7 15. Ne1 e6 16. f3 Nd6 17. Bd1 Bg6 18. Bc2 Bf7 19. Rab1 Na7 20. a4 Kc6 21. Bxd6 Bxd6 22. axb5+ Kb6 23. a4 Ra8 24. Ra1 Ka5 25. Rcb1 b6 26. e4 Bg6 27. exd5 exd5 28. Bxg6 hxg6 29. Nc2 Bf4 30. Nb4 Rd8 31. Ra3 Bd2 32. Kf2 Bf4 33. g3 Bd6 34. Ra2 Bc7 35. Re1 Rd7 36. Re6 Bd8 37. Rc6 1-0

[Event "24th Klatovy B 2016"]
[Site "Klatovy CZE"]
[Date "2016.07.04"]
[Round "3.29"]
[White "Palla, Ivan"]
[Black "Stvan, Marek"]
[Result "1-0"]
[WhiteElo "1536"]
[BlackElo "1679"]
[PlyCount "77"]
[EventDate "2016.07.02"]
[EventType "swiss"]
[EventRounds "9"]
[EventCountry "CZE"]

1. b3 d5 2. Nf3 f6 3. e3 e5 4. d3 c6 5. Be2 Bd6 6. Nbd2 Ne7 7. c4 O-O 8. Bb2 Be6 9. O-O Nd7 10. a3 a5 11. h3 b6 12. Kh1 Ng6 13. Rg1 f5 14. Nf1 Qe7 15. N1h2 Rf7 16. Qc2 f4 17. e4 d4 18. Bf1 h6 19. Qe2 Kh7 20. g3 fxg3 21. fxg3 Raf8 22. Qg2 b5 23. Be2 bxc4 24. bxc4 Nc5 25. Ra2 Na4 26. Bd1 Nxb2 27. Rxb2 Bxa3 28. Ra2 Bb4 29. h4 Qd7 30. h5 Ne7 31. Nxe5 Qe8 32. Nxf7 Bxf7 33. Rf1 c5 34. Raf2 Kg8 35. g4 Kh7 36. g5 hxg5 37. Qxg5 a4 38. Bxa4 Qxa4 39. Rxf7 1-0

[Event "24th Klatovy B 2016"]
[Site "Klatovy CZE"]
[Date "2016.07.04"]
[Round "3.30"]
[White "Macho, Miloslav"]
[Black "Rosenbaumova, Lea"]
[Result "1-0"]
[WhiteElo "1675"]
[BlackElo "1351"]
[PlyCount "93"]
[EventDate "2016.07.02"]
[EventType "swiss"]
[EventRounds "9"]
[EventCountry "CZE"]

1. e4 e6 2. d3 d5 3. Nd2 Nf6 4. e5 Nfd7 5. Ngf3 c5 6. Nb3 Nc6 7. Bf4 Qc7 8. Qe2 Be7 9. g3 h6 10. h4 b6 11. Bg2 Ba6 12. c4 d4 13. Nbd2 Rb8 14. Ne4 Ncxe5 15. Nxe5 Nxe5 16. Nxc5 bxc5 17. Qxe5 Qxe5+ 18. Bxe5 Rxb2 19. Bxg7 Rh7 20. Be5 f6 21. Bf4 Bb7 22. Bxb7 Rxb7 23. O-O e5 24. Bd2 h5 25. Rab1 Bd6 26. Rfe1 Kd8 27. Kg2 Kc8 28. Kf3 f5 29. Bg5 Rhf7 30. Kg2 Rxb1 31. Rxb1 Rb7 32. Rxb7 Kxb7 33. f3 Kc7 34. Kh3 Kd7 35. g4 fxg4+ 36. fxg4 hxg4+ 37. Kxg4 Ke6 38. h5 Bf8 39. h6 a6 40. a3 e4 41. dxe4 d3 42. Kf3 Ke5 43. Ke3 d2 44. Kxd2 Kxe4 45. Ke2 Kd4 46. Bf6+ Kxc4 47. h7 1-0

[Event "24th Klatovy B 2016"]
[Site "Klatovy CZE"]
[Date "2016.07.04"]
[Round "3.31"]
[White "Flajsman, Petr"]
[Black "Stankova, Zuzana 1986"]
[Result "1/2-1/2"]
[WhiteElo "1529"]
[BlackElo "1673"]
[PlyCount "65"]
[EventDate "2016.07.02"]
[EventType "swiss"]
[EventRounds "9"]
[EventCountry "CZE"]

1. e4 d6 2. d4 Nf6 3. Nc3 g6 4. Nf3 Bg7 5. Bc4 O-O 6. Bb3 Bg4 7. h3 Bxf3 8. gxf3 Nc6 9. Be3 e5 10. d5 Na5 11. a3 Nxb3 12. cxb3 a6 13. Qc2 Nh5 14. O-O-O Rc8 15. Kb1 Qf6 16. Qe2 Nf4 17. Bxf4 exf4 18. h4 h5 19. Qd2 Rfd8 20. Ne2 c5 21. dxc6 Rxc6 22. Nxf4 Rdc8 23. Nd5 Qe5 24. Rc1 Kh7 25. Rxc6 Rxc6 26. Nc3 Qa5 27. Rc1 Bh6 28. f4 Qd8 29. Rh1 Qf6 30. Nd5 Qe6 31. f3 Rc5 32. b4 Rc6 33. Rh2 1/2-1/2

[Event "24th Klatovy B 2016"]
[Site "Klatovy CZE"]
[Date "2016.07.04"]
[Round "3.32"]
[White "Gorbunov, Artemiy"]
[Black "Kotal, Vit"]
[Result "1-0"]
[WhiteElo "1671"]
[BlackElo "1292"]
[PlyCount "59"]
[EventDate "2016.07.02"]
[EventType "swiss"]
[EventRounds "9"]
[EventCountry "CZE"]

1. e4 e5 2. Nf3 Nf6 3. Nc3 Nc6 4. d3 Bb4 5. Be2 d6 6. h3 h6 7. O-O Be6 8. Be3 Qd7 9. a3 Ba5 10. Kh1 O-O-O 11. b4 Bb6 12. Bxb6 cxb6 13. b5 Ne7 14. a4 Kb8 15. a5 Nc8 16. a6 g5 17. axb7 Kxb7 18. Nh2 h5 19. d4 g4 20. h4 Rdg8 21. d5 Nxd5 22. Nxd5 g3 23. Nf6 Qd8 24. Nxg8 gxh2 25. g3 Qxg8 26. Kxh2 Qg6 27. Qd3 Rd8 28. Qc3 Bd7 29. Rfd1 Qxe4 30. Bf3 1-0

[Event "24th Klatovy B 2016"]
[Site "Klatovy CZE"]
[Date "2016.07.04"]
[Round "3.33"]
[White "Ret, Adam Josef"]
[Black "Pravda, Krystof"]
[Result "0-1"]
[WhiteElo "1427"]
[BlackElo "1669"]
[PlyCount "100"]
[EventDate "2016.07.02"]
[EventType "swiss"]
[EventRounds "9"]
[EventCountry "CZE"]

1. d4 d5 2. c4 e6 3. Nf3 Nf6 4. Nc3 Be7 5. e3 O-O 6. Bd3 c5 7. b3 Nc6 8. Bb2 b6 9. O-O dxc4 10. bxc4 Nb4 11. a3 Nxd3 12. Qxd3 Ba6 13. Rac1 Bb7 14. Ne1 Ng4 15. Ne4 Qc7 16. Ng3 h5 17. h3 h4 18. hxg4 hxg3 19. f4 Bd6 20. Qc3 f5 21. dxc5 Bxc5 22. gxf5 Rxf5 23. Nf3 Qe7 24. Ng5 Rxg5 25. fxg5 Qxg5 26. Rfe1 Qh6 27. Qxg7+ Qxg7 28. Bxg7 Kxg7 29. Rcd1 Kf6 30. Kf1 Ke5 31. Rd7 Rf8+ 32. Kg1 Ke4 33. Rxb7 Bxe3+ 34. Rxe3+ Kxe3 35. Rg7 Kf4 36. Rxa7 e5 37. Rb7 Rf6 38. Rd7 e4 39. Rd1 Ke3 40. Re1+ Kd3 41. a4 e3 42. Ra1 e2 43. Ra3+ Kxc4 44. Rxg3 e1=Q+ 45. Kh2 Rh6+ 46. Rh3 Qe5+ 47. Kg1 Rxh3 48. gxh3 Qg3+ 49. Kf1 Kd3 50. h4 Ke3 0-1

[Event "24th Klatovy B 2016"]
[Site "Klatovy CZE"]
[Date "2016.07.04"]
[Round "3.34"]
[White "Svec, Ludek"]
[Black "Svejdar, Pavel"]
[Result "1/2-1/2"]
[WhiteElo "1654"]
[BlackElo "1544"]
[PlyCount "131"]
[EventDate "2016.07.02"]
[EventType "swiss"]
[EventRounds "9"]
[EventCountry "CZE"]

1. d4 d5 2. Nf3 Nf6 3. c4 e6 4. g3 Be7 5. Bg2 O-O 6. O-O Nbd7 7. Qc2 c6 8. b3 Qc7 9. Bf4 Bd6 10. Bxd6 Qxd6 11. Nc3 Re8 12. Rfd1 h6 13. e4 dxe4 14. Nxe4 Nxe4 15. Qxe4 Nf6 16. Qh4 Qe7 17. Rd2 Kh7 18. Rad1 g6 19. Ne5 Kg7 20. f4 Qa3 21. g4 a5 22. g5 hxg5 23. Qxg5 a4 24. Nxc6 axb3 25. axb3 Qxb3 26. Rd3 Qa4 27. Ne5 Rh8 28. Bf3 Ra5 29. d5 exd5 30. cxd5 Bf5 31. Rd4 Qc2 32. Qg2 Qb3 33. d6 Ra2 34. R1d2 Bh3 35. Qe2 Ra1+ 36. Rd1 Rha8 37. Kf2 R1a2 38. R4d2 Qb6+ 39. Kg3 Rxd2 40. Qxd2 Bd7 41. Nxd7 Nxd7 42. Qd4+ Qxd4 43. Rxd4 Rb8 44. Rc4 b6 45. Rc7 Nc5 46. Bd5 Rd8 47. Rxf7+ Kh6 48. Rf6 Kg7 49. Rf7+ Kh6 50. Rf6 Kg7 51. Rf7+ Kh6 52. Bf3 Rxd6 53. Rf8 Nd7 54. Rd8 Rd3 55. h4 Nc5 56. Rxd3 Nxd3 57. Be4 Nc5 58. Bc2 b5 59. Kg4 b4 60. h5 gxh5+ 61. Kh4 b3 62. Bb1 Na4 63. f5 Nc3 64. Bd3 Nd5 65. Be4 Nf6 66. Bb1 1/2-1/2

[Event "24th Klatovy B 2016"]
[Site "Klatovy CZE"]
[Date "2016.07.04"]
[Round "3.36"]
[White "Vavrinkova, Anna"]
[Black "Ostry, Michal"]
[Result "1/2-1/2"]
[WhiteElo "1364"]
[BlackElo "1644"]
[PlyCount "76"]
[EventDate "2016.07.02"]
[EventType "swiss"]
[EventRounds "9"]
[EventCountry "CZE"]

1. e4 c5 2. Nf3 d6 3. Bb5+ Bd7 4. Bxd7+ Qxd7 5. O-O Nc6 6. c4 g6 7. Re1 Bg7 8. d3 e6 9. Nbd2 Nge7 10. Nb3 Rc8 11. Qe2 O-O 12. Be3 Qc7 13. Rac1 Na5 14. Nxa5 Qxa5 15. a3 Nc6 16. h3 b5 17. cxb5 Qxb5 18. Rc2 Rb8 19. Rb1 Rb7 20. b3 Rfb8 21. Nd2 Na5 22. Nc4 Qa6 23. Nxa5 Qxa5 24. Qd1 Rxb3 25. Rxb3 Rxb3 26. Rxc5 dxc5 27. Qxb3 Be5 28. g3 Bxg3 29. fxg3 Qe1+ 30. Kg2 Qxe3 31. Qb8+ Kg7 32. Qxa7 Qxd3 33. Qxc5 Qxe4+ 34. Kf2 Qa4 35. Qc3+ Kg8 36. Qc8+ Kg7 37. Qc3+ Kf8 38. Qc8+ Kg7 1/2-1/2

[Event "24th Klatovy B 2016"]
[Site "Klatovy CZE"]
[Date "2016.07.04"]
[Round "3.37"]
[White "Kadlec, Rudolf"]
[Black "Vartazaryan, Gor"]
[Result "0-1"]
[WhiteElo "1397"]
[BlackElo "1620"]
[PlyCount "60"]
[EventDate "2016.07.02"]
[EventType "swiss"]
[EventRounds "9"]
[EventCountry "CZE"]

1. e4 c5 2. d4 cxd4 3. Nf3 Nc6 4. Bc4 Nf6 5. e5 Nxe5 6. Nxd4 Nxc4 7. O-O e6 8. b3 Ne5 9. Re1 Ng6 10. Nf5 Qa5 11. Ne3 Be7 12. Bb2 O-O 13. Nc4 Qc7 14. a3 b6 15. Nc3 Bb7 16. Ne3 Bc5 17. f3 Qc6 18. b4 Bxe3+ 19. Rxe3 Ng4 20. Re4 Nf6 21. Re3 d5 22. Ne2 Rfe8 23. Nd4 Qc7 24. Ne2 e5 25. Ng3 Rad8 26. Nf5 d4 27. Rd3 e4 28. Rb3 exf3 29. g3 Qc6 30. Kf2 Ng4+ 0-1

[Event "24th Klatovy B 2016"]
[Site "Klatovy CZE"]
[Date "2016.07.04"]
[Round "3.38"]
[White "Vachal, Josef1"]
[Black "Vanek, Jiri1"]
[Result "1-0"]
[WhiteElo "1957"]
[BlackElo "1350"]
[PlyCount "25"]
[EventDate "2016.07.02"]
[EventType "swiss"]
[EventRounds "9"]
[EventCountry "CZE"]

1. d4 d5 2. Nf3 Nf6 3. g3 c5 4. Bg2 e6 5. c4 Nc6 6. cxd5 exd5 7. O-O Bg4 8. Be3 Bxf3 9. Bxf3 Be7 10. dxc5 O-O 11. Qa4 Ne5 12. Nd2 Neg4 13. Bxg4 1-0

[Event "24th Klatovy B 2016"]
[Site "Klatovy CZE"]
[Date "2016.07.04"]
[Round "3.39"]
[White "Parpel, Petr"]
[Black "Sedlak, Jakub"]
[Result "1/2-1/2"]
[WhiteElo "1787"]
[BlackElo "1457"]
[PlyCount "38"]
[EventDate "2016.07.02"]
[EventType "swiss"]
[EventRounds "9"]
[EventCountry "CZE"]

1. d4 d5 2. c4 c6 3. Nc3 e6 4. e3 Nf6 5. Nf3 Nbd7 6. Qc2 Bd6 7. Bd3 e5 8. cxd5 cxd5 9. dxe5 Nxe5 10. Nxe5 Bxe5 11. h3 O-O 12. O-O Be6 13. f4 Bc7 14. Bd2 Bb6 15. Rf3 Rc8 16. Qa4 d4 17. exd4 Qxd4+ 18. Be3 Qxa4 19. Nxa4 Bxe3+ 1/2-1/2

[Event "24th Klatovy B 2016"]
[Site "Klatovy CZE"]
[Date "2016.07.04"]
[Round "3.40"]
[White "Sedlacek, Pavel"]
[Black "Janous, Marek"]
[Result "1-0"]
[WhiteElo "1612"]
[BlackElo "1200"]
[PlyCount "147"]
[EventDate "2016.07.02"]
[EventType "swiss"]
[EventRounds "9"]
[EventCountry "CZE"]

1. c4 d5 2. cxd5 Qxd5 3. Nc3 Qd8 4. d4 Nf6 5. Nf3 Bf5 6. e3 a6 7. Be2 e6 8. O-O Nc6 9. a3 Be7 10. b4 O-O 11. Bb2 Re8 12. Rc1 h6 13. h3 Nd5 14. Bd3 Nxc3 15. Bxc3 Bxd3 16. Qxd3 e5 17. d5 Bf6 18. e4 Nd4 19. Nxd4 exd4 20. Bxd4 Bxd4 21. Qxd4 c6 22. Rfd1 cxd5 23. Qxd5 Qxd5 24. exd5 Rac8 25. Ra1 Rcd8 26. Rd2 Re5 27. Rad1 f5 28. f4 Re3 29. a4 Re4 30. Rd4 Rxd4 31. Rxd4 Kf7 32. g4 Kf6 33. Kf2 g5 34. Kf3 fxg4+ 35. hxg4 gxf4 36. Kxf4 b6 37. Rd2 a5 38. b5 Rf8 39. Re2 Kg6+ 40. Kg3 Rd8 41. Re6+ Kg5 42. Re5+ Kf6 43. Kf4 Rc8 44. Re6+ Kg7 45. d6 Kf7 46. d7 Rd8 47. Rd6 Ke7 48. Ke5 Rg8 49. d8=Q+ Rxd8 50. Rxd8 Kxd8 51. Kf6 Ke8 52. Kg6 h5 53. gxh5 Kf8 54. Kf6 Kg8 55. Ke6 Kh7 56. Kd6 Kh6 57. Kc6 Kxh5 58. Kxb6 Kg6 59. Kxa5 Kf7 60. b6 Ke7 61. b7 Kd7 62. b8=Q Ke6 63. Qb5 Kd6 64. Kb4 Kc7 65. Qa6 Kd7 66. Kc5 Ke7 67. Qd6+ Kf7 68. Kd5 Kg7 69. Ke5 Kh7 70. Kf5 Kg7 71. Qf6+ Kh7 72. Qg5 Kh8 73. Kf6 Kh7 74. Qg7# 1-0

[Event "24th Klatovy B 2016"]
[Site "Klatovy CZE"]
[Date "2016.07.04"]
[Round "3.41"]
[White "Flajsman, Zdenek"]
[Black "Rimovsky, Pavel"]
[Result "1-0"]
[WhiteElo "1457"]
[BlackElo "1593"]
[PlyCount "127"]
[EventDate "2016.07.02"]
[EventType "swiss"]
[EventRounds "9"]
[EventCountry "CZE"]

1. d4 Nf6 2. c4 d6 3. Nc3 Bf5 4. Nf3 h6 5. e3 Nbd7 6. Bd3 Bxd3 7. Qxd3 c6 8. e4 e5 9. O-O Qc7 10. a3 a5 11. Bd2 Be7 12. b4 axb4 13. axb4 O-O 14. h3 Rfd8 15. Rfc1 Nb6 16. d5 Rxa1 17. Rxa1 Ra8 18. Rxa8+ Nxa8 19. Nh4 Nxd5 20. Nf5 Nxc3 21. Qxc3 Bf8 22. Qg3 Kh7 23. h4 g6 24. Ne3 Qe7 25. Qg4 Nb6 26. f4 exf4 27. Qxf4 Qe5 28. Qxf7+ Qg7 29. Qxg7+ Bxg7 30. Kf1 Bd4 31. Nc2 Nxc4 32. Bf4 Be5 33. Bxe5 Nxe5 34. Ke2 Kg7 35. Nd4 Kf7 36. Nb3 Ke7 37. g3 Kd7 38. Ke3 Ke6 39. Nd4+ Kd7 40. Nb3 b6 41. Ke2 Nc4 42. Kd3 Ne5+ 43. Ke2 c5 44. bxc5 dxc5 45. Ke3 Kd6 46. Nd2 b5 47. Nb3 c4 48. Nd4 Kc5 49. Ne6+ Kd6 50. Nf4 Kc5 51. Ne6+ Kd6 52. Nf4 Kc5 53. Ne6+ Kb4 54. Kd2 Nf3+ 55. Kc2 c3 56. Nf4 Nd4+ 57. Kb1 Kb3 58. e5 Ka3 59. e6 Nf5 60. Nxg6 Kb3 61. e7 Nxe7 62. Nxe7 b4 63. Nd5 c2+ 64. Kc1 1-0

[Event "24th Klatovy B 2016"]
[Site "Klatovy CZE"]
[Date "2016.07.04"]
[Round "3.42"]
[White "Gorbunov, Alexander 1998"]
[Black "Kudrna, Miroslav"]
[Result "1-0"]
[WhiteElo "1353"]
[BlackElo "1580"]
[PlyCount "54"]
[EventDate "2016.07.02"]
[EventType "swiss"]
[EventRounds "9"]
[EventCountry "CZE"]

1. d4 e6 2. c4 d5 3. Nc3 Nf6 4. Bg5 Nbd7 5. e3 Be7 6. Bd3 dxc4 7. Bxc4 c5 8. dxc5 Nxc5 9. Qxd8+ Bxd8 10. Rd1 O-O 11. b4 Ncd7 12. Nf3 Nb6 13. Bb3 Bd7 14. Ne5 Rc8 15. Nxd7 Nfxd7 16. Bxd8 Rfxd8 17. Nb5 a6 18. Nd6 Rc7 19. Ke2 Nf6 20. Nxb7 Rxd1 21. Rxd1 Rd7 22. Nc5 Rxd1 23. Kxd1 Nfd7 24. Nxa6 Kf8 25. a4 Ke7 26. a5 Na8 27. Ba4 h6 1-0

[Event "24th Klatovy B 2016"]
[Site "Klatovy CZE"]
[Date "2016.07.04"]
[Round "3.43"]
[White "Celovsky, Jan"]
[Black "May, David"]
[Result "1-0"]
[WhiteElo "1281"]
[BlackElo "1532"]
[PlyCount "60"]
[EventDate "2016.07.02"]
[EventType "swiss"]
[EventRounds "9"]
[EventCountry "CZE"]

1. e4 c5 2. Nf3 e6 3. d4 cxd4 4. Nxd4 a6 5. Nc3 Qc7 6. Bd3 Bc5 7. Be3 Ba3 8. Qc1 Qxc3+ 9. bxc3 Bxc1 10. Rxc1 d6 11. O-O Nf6 12. Rb1 O-O 13. Bf4 e5 14. Bg3 exd4 15. cxd4 Nc6 16. Bxd6 Rd8 17. e5 Ne8 18. d5 Nd4 19. Rfe1 Nxd6 20. exd6 b5 21. Rb4 Nf5 22. Rbe4 Nxd6 23. Re7 Bb7 24. c4 bxc4 25. Bxc4 Re8 26. Bb3 Rxe7 27. Rxe7 Re8 28. Rxe8+ Nxe8 29. Kf1 Kf8 30. Ke2 Ke7 1-0

[Event "24th Klatovy B 2016"]
[Site "Klatovy CZE"]
[Date "2016.07.04"]
[Round "3.44"]
[White "Kovar, Michal"]
[Black "Matejka, Jaromir"]
[Result "1/2-1/2"]
[WhiteElo "1479"]
[BlackElo "1000"]
[PlyCount "71"]
[EventDate "2016.07.02"]
[EventType "swiss"]
[EventRounds "9"]
[EventCountry "CZE"]

1. e4 e6 2. d4 d5 3. exd5 exd5 4. Nf3 Nf6 5. c4 Be6 6. c5 b6 7. cxb6 axb6 8. Bb5+ c6 9. Be2 Bd6 10. O-O O-O 11. Nc3 Qc7 12. h3 Nbd7 13. Bg5 h6 14. Be3 Nh7 15. Rc1 Qd8 16. Bd3 f5 17. Qc2 Qe8 18. Rfe1 Qf7 19. Qe2 Rae8 20. Na4 b5 21. Nc5 Bxc5 22. dxc5 Ndf6 23. Nd4 Qd7 24. Bf4 Rf7 25. Nxe6 Ne4 26. Nc7 Rc8 27. Bxe4 fxe4 28. Bd6 Rxc7 29. Bxc7 Qxc7 30. f3 exf3 31. Qe8+ Nf8 32. Rf1 Qf4 33. Rc3 Qd4+ 34. Kh1 fxg2+ 35. Kxg2 Qd2+ 36. Kg1 1/2-1/2

[Event "24th Klatovy B 2016"]
[Site "Klatovy CZE"]
[Date "2016.07.04"]
[Round "3.45"]
[White "Chmelik, Ladislav"]
[Black "Schille, Steffen"]
[Result "0-1"]
[WhiteElo "1762"]
[BlackElo "1566"]
[PlyCount "44"]
[EventDate "2016.07.02"]
[EventType "swiss"]
[EventRounds "9"]
[EventCountry "CZE"]

1. e4 c5 2. Nf3 a6 3. a4 e6 4. Bc4 Nc6 5. c3 d5 6. exd5 exd5 7. Be2 d4 8. Qc2 Nf6 9. O-O Bd6 10. Re1 O-O 11. Na3 Re8 12. Nc4 Bg4 13. Nxd6 Qxd6 14. d3 Bxf3 15. gxf3 Re6 16. Bg5 Nh5 17. Bh4 Nf4 18. Bg3 Rd8 19. Kf1 g5 20. b3 Qe7 21. Bxf4 gxf4 22. Ra2 Qg5 0-1

[Event "24th Klatovy B 2016"]
[Site "Klatovy CZE"]
[Date "2016.07.04"]
[Round "3.46"]
[White "Vasko, Pavel"]
[Black "Tomascik, Petr"]
[Result "0-1"]
[WhiteElo "1619"]
[BlackElo "1484"]
[PlyCount "84"]
[EventDate "2016.07.02"]
[EventType "swiss"]
[EventRounds "9"]
[EventCountry "CZE"]

1. e4 d6 2. d4 b6 3. Nc3 Bb7 4. Be2 Nf6 5. Bf3 c6 6. Nge2 g6 7. O-O Bg7 8. Bf4 Nfd7 9. Qd2 O-O 10. Rfd1 b5 11. a3 Nb6 12. b3 N8d7 13. Rab1 a5 14. Na2 Qc8 15. Rbc1 d5 16. exd5 Nxd5 17. c4 Nxf4 18. Nxf4 bxc4 19. Rxc4 Qb8 20. Nd3 Nb6 21. Rcc1 Bxd4 22. Bxc6 Bxc6 23. Rxc6 e5 24. Rdc1 Nd7 25. Qd1 Qd8 26. R1c2 Qg5 27. Nac1 Nf6 28. Ne2 Ba7 29. R6c4 e4 30. Nc5 Rad8 31. Qe1 e3 32. f3 Rd2 33. b4 axb4 34. axb4 Rfd8 35. Rxd2 Rxd2 36. Nb3 Rb2 37. Nbc1 Rd2 38. Rc7 Qd5 39. Nc3 e2+ 40. Rxa7 Rd1 41. Kf2 Qd4+ 42. Kxe2 Rxe1+ 0-1

[Event "24th Klatovy B 2016"]
[Site "Klatovy CZE"]
[Date "2016.07.04"]
[Round "3.47"]
[White "Kopal, Vladimir"]
[Black "Mikes, Vlastislav 1983"]
[Result "0-1"]
[WhiteElo "1550"]
[BlackElo "1472"]
[PlyCount "72"]
[EventDate "2016.07.02"]
[EventType "swiss"]
[EventRounds "9"]
[EventCountry "CZE"]

1. e4 d6 2. d4 c6 3. Nf3 Nf6 4. Nc3 g6 5. Bc4 Bg7 6. Ng5 O-O 7. h3 Nbd7 8. Be3 h6 9. Nf3 b5 10. Bd3 b4 11. Ne2 c5 12. Qd2 Kh7 13. g4 Bb7 14. d5 Nb6 15. Ng3 Ng8 16. g5 Bxb2 17. Qd1 h5 18. Rb1 Bc3+ 19. Bd2 Na4 20. Qc1 e6 21. Ne2 exd5 22. Nxc3 bxc3 23. Rxb7 cxd2+ 24. Qxd2 c4 25. Be2 Nb6 26. Qf4 Kg7 27. e5 Qc8 28. Re7 Nxe7 29. Qf6+ Kg8 30. Qxe7 Re8 31. Qxd6 Qf5 32. c3 Qb1+ 33. Bd1 Qd3 34. Rh2 Qxc3+ 35. Nd2 Re6 36. Qc5 Qxe5+ 0-1

[Event "24th Klatovy B 2016"]
[Site "Klatovy CZE"]
[Date "2016.07.04"]
[Round "3.48"]
[White "Skopkova, Marcela"]
[Black "Skalicky, Jindrich"]
[Result "1/2-1/2"]
[WhiteElo "1166"]
[BlackElo "1311"]
[PlyCount "83"]
[EventDate "2016.07.02"]
[EventType "swiss"]
[EventRounds "9"]
[EventCountry "CZE"]

1. d4 d5 2. e3 Nf6 3. Nf3 e6 4. Be2 c5 5. c3 Be7 6. a3 O-O 7. dxc5 Bxc5 8. b4 Bb6 9. Bb2 Qe7 10. c4 dxc4 11. Bxc4 Rd8 12. Qc2 a6 13. O-O Nc6 14. Nc3 Nd5 15. Rad1 Nxc3 16. Qxc3 f6 17. Bd3 Bd7 18. Qc2 f5 19. Rd2 Rac8 20. Qb1 Be8 21. Rfd1 Bh5 22. Be2 Rxd2 23. Rxd2 Rd8 24. Rxd8+ Qxd8 25. Qc2 Qc7 26. Ng5 Bxe2 27. Qxe2 Qe7 28. Nf3 g5 29. Qc4 g4 30. Ne5 Nxe5 31. Bxe5 Qd7 32. Bd4 Bxd4 33. Qxd4 Qxd4 34. exd4 Kf7 35. Kf1 Ke7 36. Ke2 Kd6 37. Kd3 Kd5 38. f4 gxf3 39. gxf3 b6 40. f4 h5 41. h4 Kd6 42. Ke3 1/2-1/2

[Event "24th Klatovy B 2016"]
[Site "Klatovy CZE"]
[Date "2016.07.04"]
[Round "3.49"]
[White "Vavrinkova, Marie"]
[Black "Filip, Petr 1952"]
[Result "0-1"]
[WhiteElo "1259"]
[BlackElo "1353"]
[PlyCount "62"]
[EventDate "2016.07.02"]
[EventType "swiss"]
[EventRounds "9"]
[EventCountry "CZE"]

1. e4 e5 2. Nf3 Nc6 3. Bb5 Nge7 4. O-O a6 5. Be2 b5 6. c3 d5 7. exd5 Nxd5 8. d4 Bd6 9. Re1 e4 10. Nfd2 Nf6 11. Nxe4 O-O 12. Bg5 Be7 13. Nbd2 Nxe4 14. Bxe7 Qxe7 15. Bd3 Nxf2 16. Qh5 g6 17. Qf3 Qh4 18. g3 Nh3+ 19. Kh1 Qg5 20. Qxc6 Rb8 21. Qxc7 Bb7+ 22. Ne4 Bxe4+ 23. Bxe4 Nf2+ 24. Kg2 Nxe4 25. Rxe4 Qd2+ 26. Kh1 Qxb2 27. Rae1 Rbc8 28. Qa5 Rxc3 29. Qxa6 Rc2 30. Qb7 Rxh2+ 31. Kg1 Qf2# 0-1

[Event "24th Klatovy B 2016"]
[Site "Klatovy CZE"]
[Date "2016.07.04"]
[Round "3.50"]
[White "Zimmermann, Ladislav"]
[Black "Severin, Alois"]
[Result "1-0"]
[WhiteElo "1147"]
[BlackElo "1240"]
[PlyCount "71"]
[EventDate "2016.07.02"]
[EventType "swiss"]
[EventRounds "9"]
[EventCountry "CZE"]

1. e4 e6 2. d4 c6 3. Nf3 Bd6 4. e5 Bb4+ 5. c3 Ba5 6. b4 Bc7 7. Bd3 g6 8. Bg5 f6 9. exf6 Nxf6 10. Bh6 Qe7 11. O-O d5 12. Re1 Ng4 13. Bg5 Nf6 14. Ne5 Qg7 15. Qf3 Nbd7 16. Nxd7 Bxd7 17. Bxf6 Qf7 18. Bxh8 Qxf3 19. gxf3 O-O-O 20. Be5 Rf8 21. Nd2 Bd8 22. Bd6 Rf7 23. Kg2 Bg5 24. f4 Bh4 25. Nf3 Bd8 26. Kg3 Bf6 27. Be5 Be7 28. Ng5 Bxg5 29. fxg5 Kd8 30. Bd6 Ke8 31. f4 b5 32. Bc5 a6 33. a4 Bc8 34. axb5 axb5 35. Ra8 Kd8 36. Bb6+ 1-0

[Event "24th Klatovy B 2016"]
[Site "Klatovy CZE"]
[Date "2016.07.04"]
[Round "3.53"]
[White "Palla, Marek"]
[Black "Velkoborsky, Jan"]
[Result "1-0"]
[WhiteElo "1191"]
[BlackElo "1100"]
[PlyCount "53"]
[EventDate "2016.07.02"]
[EventType "swiss"]
[EventRounds "9"]
[EventCountry "CZE"]

1. e4 e5 2. Nf3 Nc6 3. d4 exd4 4. Nxd4 Nxd4 5. Qxd4 Nf6 6. e5 Ng8 7. Bc4 b6 8. Qd5 Qe7 9. Qxa8 Qxe5+ 10. Be2 Nf6 11. Qxc8+ Ke7 12. Qa6 Kd8 13. Qxa7 Bc5 14. Qa8+ Ke7 15. Qxh8 Qf5 16. O-O Bd6 17. Re1 Ne4 18. f3 Bc5+ 19. Kf1 Qf6 20. Bd3 Qd4 21. Rxe4+ Qxe4 22. Bxe4 d6 23. Bg5+ f6 24. Qxg7+ Ke6 25. Qxf6+ Kd7 26. Qe7+ Kc8 27. Qd8# 1-0

[Event "24th Klatovy B 2016"]
[Site "Klatovy CZE"]
[Date "2016.07.04"]
[Round "3.54"]
[White "Krejbich, Lukas"]
[Black "Psaila, Ocean"]
[Result "1-0"]
[WhiteElo "1063"]
[BlackElo "1046"]
[PlyCount "87"]
[EventDate "2016.07.02"]
[EventType "swiss"]
[EventRounds "9"]
[EventCountry "CZE"]

1. d4 d5 2. e3 e6 3. Nf3 Nf6 4. g3 g6 5. Bg2 Bg7 6. Nc3 O-O 7. O-O Nc6 8. Bd2 b6 9. Re1 Bb7 10. b3 Qd7 11. Ne5 Nxe5 12. dxe5 Nh5 13. g4 Bxe5 14. gxh5 Rfd8 15. f4 Bd6 16. e4 Rac8 17. h6 Bc5+ 18. Be3 Bxe3+ 19. Rxe3 dxe4 20. Qe1 Qd2 21. Qf2 Qxf2+ 22. Kxf2 Rd2+ 23. Re2 Rcd8 24. Bxe4 Bxe4 25. Nxe4 Rd1 26. Rxd1 Rxd1 27. Nc3 Rh1 28. Ke3 Rd1 29. Nxd1 Kf8 30. Nc3 Ke7 31. Nb5 a6 32. Nxc7 a5 33. c4 Kd6 34. Nb5+ Kc5 35. Rd2 Kb4 36. Rd3 Kc5 37. Rd8 Kb4 38. Rh8 Kc5 39. Rxh7 Kb4 40. Rxf7 Kc5 41. h7 Kb4 42. h8=Q Kc5 43. Qf8+ Kc6 44. Qd6# 1-0

[Event "24th Klatovy B 2016"]
[Site "Klatovy CZE"]
[Date "2016.07.05"]
[Round "4.1"]
[White "Zednik, Zdenek"]
[Black "Kotva, Milan"]
[Result "0-1"]
[WhiteElo "1966"]
[BlackElo "1998"]
[PlyCount "82"]
[EventDate "2016.07.02"]
[EventType "swiss"]
[EventRounds "9"]
[EventCountry "CZE"]

1. Nf3 d5 2. d4 Nf6 3. c4 c6 4. Nc3 dxc4 5. a4 Bf5 6. Ne5 e6 7. e3 Nbd7 8. Nxd7 Qxd7 9. Bxc4 Bd6 10. O-O O-O 11. f3 Qc7 12. e4 Bxh2+ 13. Kh1 Qg3 14. Qe1 Qxe1 15. Rxe1 Bg3 16. Rd1 Bg6 17. Be3 Bc7 18. b4 Rac8 19. Rac1 a6 20. g4 Bb6 21. a5 Ba7 22. Bg5 Nd7 23. Na4 Rfe8 24. d5 exd5 25. exd5 Ne5 26. d6 Nd7 27. Be7 h5 28. gxh5 Bxh5 29. Kg2 Bg6 30. Rh1 Be3 31. Rce1 Bd2 32. Nb6 Nxb6 33. axb6 Bxe1 34. d7 Bd2 35. Bd6 Rcd8 36. dxe8=Q+ Rxe8 37. Bxa6 Be3 38. Bxb7 Bxb6 39. Bxc6 Re2+ 40. Kg3 Re6 41. Rd1 Rxd6 0-1

[Event "24th Klatovy B 2016"]
[Site "Klatovy CZE"]
[Date "2016.07.05"]
[Round "4.2"]
[White "Mejzr, Jan"]
[Black "Perik, Alois"]
[Result "0-1"]
[WhiteElo "1853"]
[BlackElo "1807"]
[PlyCount "72"]
[EventDate "2016.07.02"]
[EventType "swiss"]
[EventRounds "9"]
[EventCountry "CZE"]

1. e4 c6 2. d4 d5 3. Nd2 dxe4 4. Nxe4 Bf5 5. Ng3 Bg6 6. h4 h6 7. Nf3 e6 8. h5 Bh7 9. Bd3 Bxd3 10. Qxd3 Nf6 11. Bd2 Bd6 12. Ne4 Nxe4 13. Qxe4 Nd7 14. O-O-O Nf6 15. Qe2 Qc7 16. g3 O-O-O 17. c4 Qe7 18. Ne5 Rhe8 19. Bf4 Bc7 20. Rd3 Nd7 21. Rhd1 Qf6 22. Qc2 Qf5 23. c5 Nxe5 24. dxe5 Qxh5 25. Rxd8+ Rxd8 26. Rxd8+ Kxd8 27. Qh7 Bxe5 28. Qg8+ Ke7 29. Be3 Qe2 30. Qc8 Qxb2+ 31. Kd1 Qb1+ 32. Ke2 Qxa2+ 33. Bd2 Qc4+ 34. Ke1 Qxc5 35. Qxb7+ Kf6 36. Bb4 Bc3+ 0-1